000 00670nam a22001937a 4500
999 _c9873
_d9873
003 AR-CdUCM
008 190328b ||||| |||| 00| 0 spa d
040 _aMUNICIPALIDAD PROVINCIAL DEL CUSCO
_cBIBLIOTECA MUNICIPAL DEL CUSCO
082 _aC / 891.43 /
_bP98T
100 _aPushkin, Alejandro
_926381
245 _aTeatro :
_bFestin Durante la Peste. El convidado de Piedra )
260 _aBarcelona :
_bAsociaciones de relaciones culturales con la U.R.S.S. ,
_c1938.
300 _a58 páginas ;
_c22.3 cm.
650 _aTeatro y Literatura
_926382
650 _aLiteratura Historica
_926383
650 _aNovela
_95
942 _2ddc
_cLIBROS
945 _apjha
_d2019-05-14